000
00309nam a22001337a 4500
008
171027b xxu||||| |||| 00| 0 eng d
020
_a
9780631182375
041
_a
eng
080
_a
311
100
_a
56
101
_a
FIN
245
_a
NEW DEVELOPMENTS IN COMERCIAL BAKING
_c
DONALD.CH
942
_2
udc
_c
BK
999
_c
36190
_d
36190